Algebraic and arithmetic structures : (Record no. 6935)
[ view plain ]
| 000 -LEADER | |
|---|---|
| fixed length control field | 00894nam a2200289 i 4500 |
| 001 - CONTROL NUMBER | |
| JCCL Control Number | 6935 |
| 003 - CONTROL NUMBER IDENTIFIER | |
| JCCL marc code | UkOxU |
| 005 - DATE AND TIME OF LATEST TRANSACTION | |
| control field | 20180201170337.0 |
| 008 - FIXED-LENGTH DATA ELEMENTS--GENERAL INFORMATION | |
| fixed length control field | 500101s1976 nyua b 001 0 eng d |
| 020 ## - INTERNATIONAL STANDARD BOOK NUMBER | |
| International Standard Book Number | 0029022703 |
| 035 ## - SYSTEM CONTROL NUMBER | |
| system control number | (BD-JhCC)6935 |
| 040 ## - CATALOGING SOURCE | |
| Original cataloging agency | DLC |
| Transcribing agency | DLC |
| Modifying agency | EQO |
| 041 ## - LANGUAGE CODE | |
| Language code of Book | eng |
| 050 #0 - LIBRARY OF CONGRESS CALL NUMBER | |
| Classification number | QA135.5 |
| Item number | .B43 |
| 082 ## - DEWEY DECIMAL CLASSIFICATION NUMBER | |
| Classification number | 372.7 |
| Author mark and Year | BEL 1976 |
| 100 1# - MAIN ENTRY--PERSONAL NAME | |
| Personal name | Bell, Max |
| Fuller form of name | (Max S.) |
| 245 10 - TITLE STATEMENT | |
| Title | Algebraic and arithmetic structures : |
| Remainder of title | a concrete approach for elementary school teachers / |
| Statement of responsibility, etc | developed cooperatively by Max S. Bell, Karen C. Fuson, Richard A. Lesh |
| 260 ## - PUBLICATION, DISTRIBUTION, ETC. (IMPRINT) | |
| Place of publication, distribution, etc | New York : |
| Name of publisher, distributor, etc | Free Press, |
| Date of publication, distribution, etc | c1976 |
| 300 ## - PHYSICAL DESCRIPTION | |
| Pagination | xxxv, 683 p. : |
| Other physical details | ill. ; |
| Dimensions | 24 cm |
| 500 ## - GENERAL NOTE | |
| General note | Includes index |
| 504 ## - BIBLIOGRAPHY, ETC. NOTE | |
| Bibliography, etc | Bibliography: p. 662-668 |
| 650 #0 - SUBJECT ADDED ENTRY--TOPICAL TERM | |
| Topical term or geographic name as entry element | Mathematics |
| General subdivision | Study and teaching (Elementary) |
| 700 1# - ADDED ENTRY--PERSONAL NAME | |
| Personal name | Fuson, Karen C. |
| 700 1# - ADDED ENTRY--PERSONAL NAME | |
| Personal name | Lesh, Richard A. |
| 942 ## - ADDED ENTRY ELEMENTS (KOHA) | |
| Source of classification or shelving scheme | Dewey Decimal Classification |
| Koha item type | Books |
| Source of classification or shelving scheme | Damaged status | Not for loan | Home library | Current library | Shelving location | Source of acquisition | Total Checkouts | Full call number | Barcode | Date last seen | Copy number | Koha item type |
|---|---|---|---|---|---|---|---|---|---|---|---|---|
| Dewey Decimal Classification | JCC Rouf Library | JCC Rouf Library | General Stacks | The Asia Foundation | 372.7 BEL 1976 | 8635 | 02/01/2018 | C - 1 | Books |